000 00808nam a2200301Ia 4500
001 3574
003 IT-RoPAU
008 130308s9999 xx 000 0 und d
040 _aIT-RoPAU
040 _cIT-RoPAU
041 _aITALIANO
100 _aBevilacqua Maria Grazia
100 _gCodice Aut. SPICS: 9202
245 _aTerrore delle antille (Il)
245 _bCorsaro Nero (Il)
250 _a1a ed.
260 _aMILANO
260 _bEp/Gruppo Periodici
260 _c1977 [1° Ed.:1977 - Ed.Ling.Originale:1977]
300 _a"3 p. (prefazione: no ; testo: 3 [pagine: 9-11])"
500 _a"Introduzione al Fumetto ""Il corsaro Nero"""
650 _aAUTORI/OPERE DI FUMETTO
650 _eCodice materia Spics: 6707
942 _cBK
957 _71
999 _c50455
_d50455
999 _bSI
999 _g1